000 00429nam a2200145Ia 4500
008 090124s9999 xx 000 0 und d
082 _b302279
245 _a हा खेळ भावनांचा
250 _a1
260 _bरायकर प्रतिभा
_c1990
300 _a194
630 _a हा खेळ भावनांचा
730 _a हा खेळ भावनांचा
942 _cBOOK
999 _c191891
_d191891